Southville International School and Colleges
Your cart is empty.
  • Cart
  • Lists
    Public lists Eva Luna New books Lux_list list_1
    Your lists Log in to create your own lists
  • Log in to your account
  • Your cookies
  • Search history
Southville International School and Colleges
  • Advanced search
  • Recent comments
  • Most popular
  • Libraries

Log in to your account

Log in with GOOGLE


If you do not have an external account, but do have a local account, you can still log in:

  1. Home
  2. MARC view: Modern Japan :
Normal view MARC view ISBD view

Modern Japan : (Record no. 22106)

[ view plain ]
MARC details
000 -LEADER
fixed length control field 00788nam a2200241 a 4500
005 - DATE AND TIME OF LATEST TRANSACTION
control field 20140310183351.0
008 - FIXED-LENGTH DATA ELEMENTS--GENERAL INFORMATION
fixed length control field 130319s19uu xx 00 eng d
020 ## - INTERNATIONAL STANDARD BOOK NUMBER
International Standard Book Number 9780415418713
050 ## - LIBRARY OF CONGRESS CALL NUMBER
Classification number HN 723
Item number .T486 2008
100 ## - MAIN ENTRY--PERSONAL NAME
Personal name Tipton, Elise K.
245 ## - TITLE STATEMENT
Title Modern Japan :
Remainder of title a social and political history /
Statement of responsibility, etc MoElise K. Tipton.
250 ## - EDITION STATEMENT
Edition statement 2nd ed.
260 ## - PUBLICATION, DISTRIBUTION, ETC. (IMPRINT)
Place of publication, distribution, etc London, UK :
Name of publisher, distributor, etc Routledge,
Date of publication, distribution, etc 2002.
300 ## - PHYSICAL DESCRIPTION
Extent 258 p. :
Other physical details ill. ;
Dimensions 23 cm.
440 ## - SERIES STATEMENT/ADDED ENTRY--TITLE
Title Nissan Institute/Routledge Japanese studies
500 ## - GENERAL NOTE
General note Includes bibliographical references (p.[231]-242) and index
651 ## - SUBJECT ADDED ENTRY--GEOGRAPHIC NAME
Geographic name Japan
General subdivision History
651 ## - SUBJECT ADDED ENTRY--GEOGRAPHIC NAME
Geographic name Japan
General subdivision Politics and government
651 ## - SUBJECT ADDED ENTRY--GEOGRAPHIC NAME
Geographic name Japan
General subdivision Social conditions
651 ## - SUBJECT ADDED ENTRY--GEOGRAPHIC NAME
Geographic name Japan
General subdivision Social life and customs
942 ## - ADDED ENTRY ELEMENTS (KOHA)
Koha item type Books
Source of classification or shelving scheme Library of Congress Classification
Call number prefix Foreign
Holdings
Withdrawn status Lost status Source of classification or shelving scheme Damaged status Home library Current library Shelving location Date acquired Source of acquisition Cost, normal purchase price Total Checkouts Full call number Barcode Date last seen Copy number Price effective from Koha item type
    Library of Congress Classification   College Library College Library General Circulation Section 03/19/2013 Donation 2803.00   HN 723 .T486 2008 C15682 05/15/2018 1 10/10/2013 Books

Modern Japan :

APA

Tipton E. K., . (2002). Modern Japan. London, UK: Routledge.

Chicago

Tipton Elise K, . 2002. Modern Japan. London, UK: Routledge.

Harvard

Tipton E. K., . (2002). Modern Japan. London, UK: Routledge.

MLA

Tipton Elise K, . Modern Japan. London, UK: Routledge. 2002.

  • Place hold
  • Print
  • Cite
  • Add to your cart (remove)
  • Save record
    BIBTEX Dublin Core MARCXML MARC (non-Unicode/MARC-8) MARC (Unicode/UTF-8) MARC (Unicode/UTF-8, Standard) MODS (XML) RIS
  • More searches
    Search for this title in:
    Other Libraries (WorldCat) Other Databases (Google Scholar) Online Stores (Bookfinder.com) Open Library (openlibrary.org)

Exporting to Dublin Core...

SOUTHVILLE LIBRARY

Southville International School and Colleges Library

1281 Tropical Ave. Cor. Luxembourg St., BF Homes International, Las Pinas City

Tel. No. 8256374 / 252358 Loc. 117/146

Powered by Koha